Statistics for The 21st Century in the Americas

Click here to take the quiz!

General Stats

  • This quiz has been taken 23 times
  • The average score is 12 of 19

Answer Stats

YearWhat has happened?Answer% Correct
2008This revolutionary resigns as President of CubaFidel Castro
91%
2018Access to this Peruvian landmark becomes restricted in order to avoid mass tourismMachu Picchu
87%
2006This (still ongoing) war becomes omnipresent in Mexican everyday lifeMexican War on
{Drugs}
87%
2009This Danish island gains self-ruleGreenland
87%
2015The United States restores diplomatic relations with this nationCuba
87%
2003The last model of this VW cult car rolls off its production line in Puebla, MexicoVolkswagen Beetle
83%
2004President Jean-Bertrand Aristide is overthrown in this countryHaiti
78%
2012This animal, named Lonesome George, dies aged 102 on the GalápagosGiant tortoise
74%
2019This country is affected by a presidential crisis after a disputed electionVenezuela
70%
2016Mexican authorities finally capture this drug lordJoaquín "El Chapo"
Guzmán
61%
2013This socialist president of Venezuela diesHugo Chávez
61%
2010This disease kills thousands following the Haitian earthquakeCholera
61%
2014Brazil is humiliated by the Germans at their home World Cup. What was the result?7-1
57%
2002This footballer makes Brazil world championRonaldo
52%
2011This woman becomes the first female leader of BrazilDilma Rousseff
35%
2001This singer is killed in an airplane crash in the BahamasAaliyah
35%
2017The ARA San Juan incident is a big issue in Argentina. What is ARA San Juan?a submarine
30%
2007A runway overshoot incident happens in this city, killing 199 peopleSão Paulo
22%
2005This deadly hurricane devastates Guatemala and MexicoHurricane {Stan}
4%

Score Distribution

Percentile by Number Answered

Percent of People with Each Score

Your Score History

You have not taken this quiz